Pruebas de la Historia de la Casa de Lara (Record no. 164422)
[ view plain ]
| 000 -LEADER | |
|---|---|
| campo de control de longitud fija | 01379nam a2200277 i 4500 |
| 001 - NÚMERO DE CONTROL | |
| campo de control | 164422 |
| 003 - IDENTIFICADOR DE NÚMERO DE CONTROL | |
| campo de control | ES-MaACL |
| 005 - FECHA Y HORA DE LA ÚLTIMA TRANSACCIÓN | |
| campo de control | 20250811063203.0 |
| 008 - DATOS DE LONGITUD FIJA--INFORMACIÓN GENERAL | |
| campo de control de longitud fija | 931025s1694 sp a |||| |dspa d |
| 100 1# - ENTRADA PRINCIPAL--NOMBRE DE PERSONA | |
| Nombre de persona | Salazar y Castro, Luis de, |
| Fechas asociadas al nombre | 1658-1734 |
| 9 (RLIN) | 101831 |
| 245 10 - MENCIÓN DEL TÍTULO | |
| Título | Pruebas de la Historia de la Casa de Lara |
| Resto del título | : sacadas de los instrumentos de diversas iglesias y monasterios, de los archivos de sus mismos descendientes, de diferentes pleytos que entre sí han seguido y de los escritores de mayor crédito y puntualidad / |
| Mención de responsabilidad, etc. | por don Luis de Salazar y Castro... |
| 260 ## - PUBLICACIÓN, DISTRIBUCIÓN, ETC. | |
| Lugar de publicación, distribución, etc. | En Madrid : |
| Nombre del editor, distribuidor, etc. | en la Imprenta Real, por Mateo de Llanos y Guzmán, |
| Fecha de publicación, distribución, etc. | 1694. |
| 300 ## - DESCRIPCIÓN FÍSICA | |
| Extensión | 728 [i.e.738] p. ; |
| Dimensiones | Fol. |
| 530 ## - NOTA DISPONIBLE DE FORMULARIO FÍSICO ADICIONAL | |
| Nota de formato físico adicional disponible | Disponible en formato digital. |
| 596 ## - NOTA AL PIE DE IMPRENTA | |
| NOTA AL PIE DE IMPRENTA | Marca tip. en port. |
| 597 ## - NOTA DE DESCRIPCIÓN FÍSICA | |
| NOTA DE DESCRIPCIÓN FÍSICA | Sign.: A-F6, G-Z8, 2A-2Z8, 3A3, 3B6, 3C4. |
| 597 ## - NOTA DE DESCRIPCIÓN FÍSICA | |
| NOTA DE DESCRIPCIÓN FÍSICA | Las il. xil. son sellos de los diversos documentos utilizados para elaborar la obra. |
| 597 ## - NOTA DE DESCRIPCIÓN FÍSICA | |
| NOTA DE DESCRIPCIÓN FÍSICA | Error de pag. a partir de p. 679. |
| 600 34 - PUNTO DE ACCESO ADICIONAL DE MATERIA--NOMBRE DE PERSONA | |
| Nombre de persona | Lara (Familia)- |
| Subdivisión general | Genealogía. |
| 9 (RLIN) | 169131 |
| 700 1# - ENTRADA AGREGADA--NOMBRE PERSONAL | |
| Nombre de persona | Llanos y Guzmán, Mateo de. |
| 9 (RLIN) | 128997 |
| 710 2# - ENTRADA AGREGADA--NOMBRE DE ENTIDAD CORPORATIVA | |
| Nombre de entidad corporativa o nombre de jurisdicción como elemento de entrada | Imprenta Real (Madrid) |
| 9 (RLIN) | 134468 |
| 752 ## - ENTRADA AGREGADA--NOMBRE JERÁRQUICO DEL LUGAR | |
| País o entidad superior | España - |
| Ciudad | Madrid |
| 852 ## - LOCALIZACIÓN | |
| Ubicación | ES-MaACL |
| Número de control de estantería | R-2144-47 |
| Nota libre | --Enc. pasta |
| Encuadernación | - Olim: C-1781-84. |
| 856 ## - LOCALIZACIÓN Y ACCESO ELECTRÓNICOS | |
| Identificador Uniforme de Recursos | <a href="http://bdh-rd.bne.es/viewer.vm?id=0000019644&page=1 ">http://bdh-rd.bne.es/viewer.vm?id=0000019644&page=1 </a> |
| Nota pública | Biblioteca Digital Hispánica |
| Estatus retirado | Estado de pérdida | Estado de daño | No para préstamo | Colección | Biblioteca de origen | Biblioteca actual | Ubicación en estantería | Fecha de adquisición | Total de préstamos | Signatura topográfica completa | Código de barras | Visto por última vez | Precio de reemplazo | Tipo de ítem Koha |
|---|---|---|---|---|---|---|---|---|---|---|---|---|---|---|
| Colección digital | Biblioteca del Ateneo de Madrid | Biblioteca del Ateneo de Madrid | Depósito | 17/01/2008 | R- 2144-47 | 1172342 | 23/02/2023 | 23/02/2023 | Libro impreso antiguo |
